Devinez le Jeux Vidéo a partir des images générée par l'IA - Statistiques

Statistiques générales
  • Ce quiz a été pris 398 fois
  • Le résultat moyen est 11 sur 16
Statistiques - réponses
Par images Réponse % Correct
Minecraft
99%
Mario Kart
98%
Fortnite
96%
Tetris
90%
Call of Duty
89%
Fall Guys
85%
Halo
80%
Flappy Bird
77%
Overwatch
66%
Genshin Impact
65%
Doom
51%
GTA 5
43%
Half Life
34%
Diablo
33%
Terraria
31%
Titanfall
20%
Aucun quiz correspondant
Distribution des résultats
% des personnes avec chaque résultat
Percentile par nombre de réponses
Votre historique - résultats
Vous n’avez pas pris ce quiz